000 00203nam a2200097Ia 4500
008 240331s9999 xx 000 0 und d
082 _bGAN
100 _aGanesalimgam, S
245 0 _aAdaippugal
942 _cL
999 _c3738
_d3738